[Event "AUTO-OPEN-2743"]
[Site "http://www.queenalice.com/game.php?id=1083853"]
[Date "2012.7.18"]
[Round "1"]
[White "Alexandrovinsk"]
[Black "sergioperuibe7"]
[Result "1-0"]
[WhiteElo "2191"]
[BlackElo "1582"]

1. d4 Nf6 2. Nf3 e6 3. c4 b6 4. g3 Bb7 5. Bg2 Be7 6. O-O O-O 7. Nc3 Ne4 8. Qc2
Nxc3 9. Qxc3 d6 10. b3 Nd7 11. Bb2 Bf6 12. Rfd1 c5 13. e3 Rc8 14. Qc2 cxd4 15.
Bxd4 d5 16. Bxf6 1-0

[Event "AUTO-INT-2385"]
[Site "http://www.queenalice.com/game.php?id=1083953"]
[Date "2012.7.18"]
[Round "1"]
[White "Duduca10"]
[Black "sergioperuibe7"]
[Result "1-0"]
[WhiteElo "1832"]
[BlackElo "1610"]

1. e4 c5 2. Nc3 e6 3. Nf3 a6 4. d4 cxd4 5. Nxd4 Nf6 6. Be2 Qc7 7. h3 Bb4 8. Bd2
Bxc3 9. Bxc3 Nxe4 10. Bd2 O-O 11. O-O Nc6 12. Nxc6 bxc6 13. Be3 d5 14. c3 e5 15.
Bd3 f5 16. Qc2 c5 17. a3 c4 18. Be2 f4 19. Bd2 Bf5 20. Qc1 Qb6 21. Bf3 1-0

[Event "AUTO-INT-2385"]
[Site "http://www.queenalice.com/game.php?id=1083954"]
[Date "2012.7.18"]
[Round "1"]
[White "sergioperuibe7"]
[Black "Duduca10"]
[Result "0-1"]
[WhiteElo "1618"]
[BlackElo "1824"]

1. d4 c6 2. c4 e6 3. e4 d6 4. Nc3 a6 5. Nf3 Nd7 6. Bd3 b5 7. d5 exd5 8. exd5 c5
9. cxb5 axb5 10. Bxb5 Ba6 11. Qe2+ Qe7 12. Bxa6 Qxe2+ 13. Bxe2 Ngf6 14. O-O Be7
15. Re1 O-O 16. Bb5 Bd8 17. Bf4 Bc7 18. Bc6 Rae8 19. Nb5 Bb8 20. Nxd6 Rxe1+ 21.
Rxe1 h6 22. Bg3 Nb6 0-1

[Event "AUTO-INT-2385"]
[Site "http://www.queenalice.com/game.php?id=1083967"]
[Date "2012.7.18"]
[Round "1"]
[White "Tenista"]
[Black "sergioperuibe7"]
[Result "1-0"]
[WhiteElo "1643"]
[BlackElo "1523"]

1. e4 c5 2. Bc4 e6 3. a3 a6 4. a4 d5 5. exd5 exd5 6. Be2 Nc6 7. Nf3 Nf6 8. b3
Bd6 9. O-O O-O 10. d4 cxd4 11. Nxd4 Be5 12. c3 Ne4 13. Be3 Qh4 14. Nf3 Qe7 15.
Qxd5 Rd8 16. Qc4 Nd6 17. Qd3 Nf5 18. Qc2 Nxe3 19. fxe3 1-0

[Event "AUTO-INT-2385"]
[Site "http://www.queenalice.com/game.php?id=1083968"]
[Date "2012.7.18"]
[Round "1"]
[White "sergioperuibe7"]
[Black "Tenista"]
[Result "1-0"]
[WhiteElo "1537"]
[BlackElo "1651"]

1. d4 e6 2. c4 Nc6 3. Nf3 Bb4+ 4. Bd2 Ba5 5. Nc3 h6 6. e4 b6 7. a3 Bxc3 8. Bxc3
Bb7 9. d5 exd5 10. exd5 Nce7 11. Bxg7 Rh7 12. Bc3 Nf5 13. Bd3 Nge7 14. Qc2 Rg7
15. Bxg7 Nxg7 16. O-O-O d6 17. Qc3 Nh5 18. Rhe1 Qd7 19. Qh8# 1-0

[Event "AUTO-INT-2385"]
[Site "http://www.queenalice.com/game.php?id=1083975"]
[Date "2012.7.18"]
[Round "1"]
[White "Rijo"]
[Black "sergioperuibe7"]
[Result "1-0"]
[WhiteElo "1558"]
[BlackElo "1554"]

1. e4 c5 2. e5 Nc6 3. Qe2 Nd4 4. Qc4 Qc7 5. b4 Qxe5+ 6. Ne2 b5 7. Qxc5 Qxc5 8.
bxc5 Nxc2+ 9. Kd1 Nxa1 10. Bb2 e6 11. Bxa1 Bxc5 12. f4 Nf6 13. g3 Bb7 14. Rg1
Bxg1 15. Nxg1 O-O 16. Bxb5 Rab8 17. Na3 d5 18. Nf3 Ne4 19. Bd4 1-0

[Event "AUTO-INT-2385"]
[Site "http://www.queenalice.com/game.php?id=1083976"]
[Date "2012.7.18"]
[Round "1"]
[White "sergioperuibe7"]
[Black "Rijo"]
[Result "0-1"]
[WhiteElo "1538"]
[BlackElo "1574"]

1. d4 d5 2. c4 dxc4 3. e3 b5 4. a4 a6 5. axb5 a5 6. Qf3 Qd7 7. Qxa8 Qxb5 8. Nc3
Qb6 9. Qxa5 Qxa5 10. Rxa5 e6 11. Ra8 Ne7 12. Rxb8 g6 13. Bxc4 Bg7 14. Nf3 Kd7
15. Rb3 f5 16. O-O Rd8 17. Ng5 Kd6 18. Nf7+ Kd7 0-1

[Event "AUTO-OPEN-2744"]
[Site "http://www.queenalice.com/game.php?id=1084369"]
[Date "2012.7.19"]
[Round "1"]
[White "EricOlejaz"]
[Black "sergioperuibe7"]
[Result "1-0"]
[WhiteElo "1435"]
[BlackElo "1499"]

1. c4 Nf6 2. Nc3 e5 3. e4 Bc5 4. Qe2 Nc6 5. Nf3 Nb4 6. d3 Ng4 7. Be3 Bxe3 8.
fxe3 Nxe3 9. Qxe3 Nc2+ 10. Kd2 Nxe3 11. Kxe3 d6 12. d4 exd4+ 13. Kxd4 O-O 14.
Kd3 f5 15. Kc2 fxe4 16. Nd4 Rf2+ 17. Nce2 c5 18. Nb3 e3 19. Rd1 Bf5+ 20. Kc1 a5
21. Rd5 1-0

[Event "AUTO-OPEN-2744"]
[Site "http://www.queenalice.com/game.php?id=1084370"]
[Date "2012.7.19"]
[Round "1"]
[White "sergioperuibe7"]
[Black "EricOlejaz"]
[Result "0-1"]
[WhiteElo "1480"]
[BlackElo "1454"]

1. d4 d5 2. c4 Nf6 3. cxd5 Qxd5 4. Nc3 Qh5 5. g3 Bh3 6. Bxh3 Nbd7 7. Bg2 O-O-O
8. Qa4 a6 9. Qb3 b6 10. Nf3 e5 11. dxe5 Nxe5 12. Nxe5 Qxe5 13. Bf4 Qc5 14. Rc1
Ng4 15. O-O Bd6 16. Ne4 Qd4 17. Bxd6 Rxd6 18. Rfd1 Qe5 19. Nxd6+ Kb8 20. Qf3 Ka7
0-1

[Event "AUTO-OPEN-2744"]
[Site "http://www.queenalice.com/game.php?id=1084399"]
[Date "2012.7.19"]
[Round "1"]
[White "sergioperuibe7"]
[Black "tango2011"]
[Result "0-1"]
[WhiteElo "1603"]
[BlackElo "1468"]

1. c4 e5 2. Nc3 Bb4 3. g3 Bxc3 4. dxc3 d6 5. Bg2 c6 6. Nf3 Nf6 7. O-O O-O 8. Ng5
h6 9. Ne4 Nxe4 10. Bxe4 Bh3 11. Bg2 Bf5 12. e4 Bg6 13. Be3 b6 14. Qd2 Nd7 15.
Qxd6 c5 16. Rad1 Nf6 17. Qxe5 Re8 18. Rxd8 Raxd8 19. Qf4 Nh5 20. Qh4 Nf6 21. f3
Rd3 0-1

[Event "AUTO-OPEN-2744"]
[Site "http://www.queenalice.com/game.php?id=1084400"]
[Date "2012.7.19"]
[Round "1"]
[White "tango2011"]
[Black "sergioperuibe7"]
[Result "0-1"]
[WhiteElo "1387"]
[BlackElo "1464"]

1. d4 Nf6 2. e3 e6 3. Nf3 c5 4. c3 b6 5. dxc5 Bxc5 6. Bb5 a6 7. Bd3 Bb7 8. O-O
O-O 9. b4 Be7 10. Qc2 Bxf3 11. gxf3 d5 12. e4 Nc6 13. exd5 exd5 14. b5 Ne5 15.
bxa6 Nxf3+ 16. Kh1 Qd6 17. Ba3 Qxh2# 0-1

[Event "AUTO-OPEN-2744"]
[Site "http://www.queenalice.com/game.php?id=1084401"]
[Date "2012.7.19"]
[Round "1"]
[White "sergioperuibe7"]
[Black "petrucius"]
[Result "1-0"]
[WhiteElo "1477"]
[BlackElo "904"]

1. c4 e5 2. Nc3 d6 3. g3 g5 4. Bg2 h5 5. d4 exd4 6. Qxd4 f6 7. Bxg5 Bg7 8. Bh4
Nc6 9. Bxc6+ bxc6 10. Qe4+ Kd7 11. Nf3 d5 12. cxd5 Rb8 13. Qe6# 1-0

[Event "AUTO-OPEN-2744"]
[Site "http://www.queenalice.com/game.php?id=1084402"]
[Date "2012.7.19"]
[Round "1"]
[White "petrucius"]
[Black "sergioperuibe7"]
[Result "1-0"]
[WhiteElo "945"]
[BlackElo "1449"]

1. e4 e5 2. Nf3 Nc6 3. c4 Nf6 4. d3 Bc5 5. Be3 Bxe3 6. fxe3 d6 7. Nc3 O-O 8. Nb5
Ng4 9. Qe2 f5 10. h3 fxe4 11. dxe4 Nf6 12. Ng5 h6 13. Nf3 Nxe4 14. Qd3 Bf5 15.
g4 Ng3 16. gxf5 e4 17. Qd5+ 1-0

[Event "AUTO-INT-2386"]
[Site "http://www.queenalice.com/game.php?id=1084489"]
[Date "2012.7.19"]
[Round "1"]
[White "sergioperuibe7"]
[Black "maurice91"]
[Result "1-0"]
[WhiteElo "1510"]
[BlackElo "1785"]

1. d4 d5 2. c4 c6 3. Nc3 Nf6 4. Nf3 e6 5. Bg5 Nbd7 6. cxd5 cxd5 7. e3 h6 8. Bh4
Be7 9. Bd3 g5 10. Bg3 O-O 11. h4 Nh7 12. Bxh7+ Kxh7 13. hxg5 Bxg5 14. Nxg5+ Qxg5
15. Bf4 Qxg2 16. Rxh6+ Kg7 17. Qh5 Nf6 18. Be5 Rg8 19. Rh7+ Kf8 20. Qxf7# 1-0

[Event "AUTO-INT-2386"]
[Site "http://www.queenalice.com/game.php?id=1084490"]
[Date "2012.7.19"]
[Round "1"]
[White "maurice91"]
[Black "sergioperuibe7"]
[Result "1-0"]
[WhiteElo "1788"]
[BlackElo "1580"]

1. d4 Nf6 2. c4 g6 3. Nc3 Bg7 4. g3 O-O 5. Bg2 d6 6. e4 e5 7. d5 a5 8. Nge2 Nbd7
9. O-O Nc5 10. Bg5 h6 11. Bxf6 Bxf6 12. Qd2 Bg7 13. f3 f5 14. Qc2 Qg5 15. f4
exf4 16. Rxf4 Bd7 17. h4 Qe7 18. Raf1 fxe4 19. Rxf8+ Rxf8 20. Rxf8+ 1-0

[Event "AUTO-INT-2386"]
[Site "http://www.queenalice.com/game.php?id=1084491"]
[Date "2012.7.19"]
[Round "1"]
[White "sergioperuibe7"]
[Black "marcomasa"]
[Result "0-1"]
[WhiteElo "1572"]
[BlackElo "1531"]

1. Nf3 e6 2. d4 Na6 3. e4 Bb4+ 4. Bd2 Be7 5. Bxa6 bxa6 6. c4 Nh6 7. Nc3 c6 8.
Qc1 Bb7 9. Bxh6 gxh6 10. Qxh6 d6 11. O-O Kd7 12. Rfd1 Kc8 13. d5 e5 14. dxc6
Bxc6 15. Nxe5 Qg8 16. Nxc6 Qg5 17. Nxe7+ Qxe7 18. Rxd6 Rb8 19. Nd5 Qxe4 20. Rc6+
Kd8 0-1

[Event "AUTO-INT-2386"]
[Site "http://www.queenalice.com/game.php?id=1084492"]
[Date "2012.7.19"]
[Round "1"]
[White "marcomasa"]
[Black "sergioperuibe7"]
[Result "0-1"]
[WhiteElo "1485"]
[BlackElo "1494"]

1. e4 e5 2. Bc4 Nf6 3. d3 Bc5 4. h3 c6 5. Nf3 d6 6. Ng5 d5 7. exd5 cxd5 8. Bb3
O-O 9. Nf3 Re8 10. a3 Nc6 11. Nc3 e4 12. Nh2 e3 13. Ng4 exf2+ 14. Kf1 Re1+ 15.
Qxe1 fxe1=Q+ 16. Kxe1 Nxg4 17. hxg4 Bxg4 18. Nxd5 Qe8+ 19. Kf1 Qe2# 0-1

[Event "AUTO-INT-2386"]
[Site "http://www.queenalice.com/game.php?id=1084493"]
[Date "2012.7.19"]
[Round "1"]
[White "sergioperuibe7"]
[Black "Wyrmnax"]
[Result "1-0"]
[WhiteElo "1447"]
[BlackElo "1479"]

1. d4 g6 2. c4 Bg7 3. Nc3 d6 4. e4 c5 5. d5 Qa5 6. Bd2 Qa6 7. Nb5 Nh6 8. Nc7+
Kd8 9. Nxa6 bxa6 10. Qa4 Bd7 11. Qa5+ Ke8 12. Qc7 1-0

[Event "AUTO-INT-2386"]
[Site "http://www.queenalice.com/game.php?id=1084494"]
[Date "2012.7.19"]
[Round "1"]
[White "Wyrmnax"]
[Black "sergioperuibe7"]
[Result "0-1"]
[WhiteElo "1452"]
[BlackElo "1479"]

1. e4 e6 2. Bc4 c5 3. d3 d5 4. exd5 exd5 5. Bb3 Nf6 6. Nc3 Be7 7. Nxd5 Nxd5 8.
Bxd5 Qxd5 9. Nf3 Bg4 10. h3 Bxf3 11. Qxf3 Qxf3 12. gxf3 Nc6 13. Bf4 O-O 14.
O-O-O Nd4 15. Rde1 Rfe8 16. Rhg1 Nxf3 0-1